00494 2200193 4500001002100000005001500021035002000036245004600056100000900102250000600111300003500117260003400152082001100186084001700197020002200214650003000236990001700266990001700283INLIS00000000000059620190117110721 a0010-01190000521 aMeraih Untung Memelihara Ikan Koi /cAgus0 aAgus a- avi, 96 hlm. :bilus. ;c21 cm. aBandung :bTitian Ilmu,c2007 a639.31 a639.31 AGU m a978-979-1493-24-6 aPeternakan Ikan Air Tawar a02181/P/2018 a02182/P/2018